[Event "FRA-ch Blitz Online Qual"]
[Site "Europe Echecs INT"]
[Date "2020.05.16"]
[Round "14"]
[White "Pernoud, Claire"]
[Black "Fronius, Lino"]
[Result "0-1"]
[WhiteElo "1428"]
[BlackElo "1313"]
[PlyCount "82"]
[EventDate "2020.05.16"]
[EventType "swiss (blitz)"]
[EventRounds "15"]
[EventCountry "FRA"]
[SourceTitle "CBM 196 Extra"]
[Source "ChessBase"]
[SourceDate "2020.07.31"]
[SourceVersion "1"]
[SourceVersionDate "2020.07.31"]
[SourceQuality "1"]

1. e4 e5 2. Nf3 Nc6 3. Bb5 Bc5 4. 0-0 d6 5. Re1 Bg4 6. h3 Bh5 7. c3 a6 8. Bxc6+ bxc6 9. d3 Nf6 10. Nbd2 h6 11. Qb3 Bb6 12. d4 exd4 13. cxd4 0-0 14. e5 dxe5 15. dxe5 Nd5 16. Nc4 Ba7 17. Be3 Nxe3 18. Nxe3 Bxf3 19. gxf3 Qh4 20. Kg2 Rfe8 21. Qc3 Re6 22. Rad1 Rg6+ 23. Kf1 Qxh3+ 24. Ke2 Qe6 25. f4 Bxe3 26. fxe3 Rg2+ 27. Kf3 Qg4+ 28. Ke4 f5+ 29. exf6 Re8+ 30. Kd3 Qg6+ 31. e4 Rg3+ 32. Re3 Rxe3+ 33. Kxe3 Rxe4+ 34. Kd2 Qg2+ 35. Kc1 Qe2 36. Qb3+ Rc4+ 37. Kb1 Qe4+ 38. Ka1 Kh7 39. f7 Qxf4 40. f8Q Rc1+ 41. Rxc1 Qxc1# 0-1